Leaving holds me here: Selected poems 1975 - 2000

Guardat en:
Dades bibliogràfiques
Autor principal: Glen Sorestad
Format: Llibre
Idioma:Undetermined
Publicat: Toronto, Canada Thistledown Press 2001
Matèries:
Etiquetes: Afegir etiqueta
Sense etiquetes, Sigues el primer a etiquetar aquest registre!
Thư viện lưu trữ: Trung tâm Học liệu Trường Đại học Cần Thơ
LEADER 00501nam a2200181Ia 4500
001 CTU_56165
008 210402s9999 xx 000 0 und d
082 |a 811.54 
082 |b S713 
100 |a Glen Sorestad 
245 0 |a Leaving holds me here: Selected poems 1975 - 2000 
245 0 |c Glen Sorestad 
260 |a Toronto, Canada 
260 |b Thistledown Press 
260 |c 2001 
650 |a canadian poetry 
650 |x collections 
980 |a Trung tâm Học liệu Trường Đại học Cần Thơ